Priateľ dietok poučno-zábavná knižnica pre slovenskú mládež

Bibliographic Details
Previous Title:Priateľ dietok
Other Authors: Salva, Karol, 1849-1913 (Publishing director)
Format: Serial
Language:Slovak
Published: Ružomberok Karol Salva 1894
Subjects:

MARC

LEADER 00000cas a2200000 a 4500
001 vtls010238877
003 SK-MaSNL
005 20260228161512.0
008 210624c18941894xo x| 0 b0slo
040 |a SNK  |b slo  |c SNK  |e AACR2 
041 0 |a slo 
044 |a xo  |c SK 
072 7 |a 821-93  |x Literatúra pre deti a mládež  |2 konspekt 
080 |a 050  |2 2001 
080 |a 82-93  |2 2001 
080 |a 379.8  |2 2001 
080 |a 087.5  |2 2001 
245 0 0 |a Priateľ dietok  |b poučno-zábavná knižnica pre slovenskú mládež 
260 |a Ružomberok  |b Karol Salva  |c 1894 
310 |a 1x ročne 
362 0 |a Roč. I, zošit 1 (1894)-Roč. I, zošit 1 (1894) 
500 |a Zodp. red.: 1894, Karol Salva 
500 |a Tlač.: r. 1894 Karol Salva v Ružomberku 
500 |a Predtým vychádzal pod názvom Priateľ dietok: časopis pre našu mládež 
650 0 7 |a mládež  |2 SNKPH  |9 1575 
650 0 7 |a voľný čas  |2 SNKPH  |9 3355 
655 7 |a časopisy pre mládež  |2 SNKPH  |9 70792 
700 1 |a Salva, Karol,  |d 1849-1913  |4 pbd  |9 93017 
780 0 0 |t Priateľ dietok  |w vtls010298425 
910 |a snk 
916 |a 1894 
999 |c 5582  |d 7512 
952 |0 0  |1 0  |3 rekatalogizácia  |4 0  |7 0  |8 3  |a SNK  |b SNK  |d 2011-02-23  |i snkČSK 196/59  |l 0  |o snkČSD 20/1894 D1  |p 17A0693059  |r 2026-02-21 20:05:32  |t zoš. 1  |w 2026-02-21  |y PREZ 
952 |0 0  |1 0  |4 0  |7 0  |a SNK  |b SNK  |d 2014-07-07  |f 1  |i snk45/29  |l 0  |o snkČSD 20/1894   |p 17A0728902  |r 2026-02-21 21:25:10  |t zoš. 1  |w 2026-02-21  |y PREZ